[Event "North Bay op"]
[Site "North Bay"]
[Date "1996.??.??"]
[Round "?"]
[White "Ciaffone, Robert"]
[Black "Kiviaho, Bob"]
[Result "1-0"]
[WhiteElo "2245"]
[BlackElo "2230"]

1.Nf3 d5 2.c4 d4 3.g3 Nc6 4.Bg2 e5 5.O-O e4 6.Ne1 Nf6 7.d3 Bf5 8.Bg5 exd3
9.Nxd3 h6 10.Bxf6 Qxf6 11.Nf4 O-O-O 12.Nd2 d3 13.exd3 Qxb2 14.Nb3 Bb4 15.Rb1 Qxa2
16.Qf3 a5 17.Nd5 Be6 18.Nxb4 axb4 19.Nc5 Qa7 20.Nxe6 fxe6 21.Qf7 Qc5 22.Bxc6 Qxc6
23.Rxb4 h5 24.Re1 h4 25.Rxe6 Qc5 26.Ra4 Kb8 27.Qf3 hxg3 28.hxg3 Rdf8 29.Qe2 Qg5
30.Ra1 Qh5 31.Qxh5 Rxh5 32.Rae1 b6 33.Re8+ Rxe8 34.Rxe8+ Kb7 35.Re7 Rg5 36.Kg2 Kc6
37.f4 Rg6 38.Kf3 Kd6 39.Rf7 c6 40.g4 Kc5 41.f5 Rd6 42.Rxg7 Rxd3+ 43.Ke4 Kxc4
44.f6 Rd1 45.g5 b5 46.Rb7 b4 47.g6 b3 48.g7 Rg1 49.Rb8 Kc3 50.g8=Q Rg5  1-0

[Event "North Bay op"]
[Site "North Bay"]
[Date "1996.??.??"]
[Round "?"]
[White "Ciaffone, Robert"]
[Black "Allan, Denis"]
[Result "0-1"]
[WhiteElo "2245"]
[BlackElo "2275"]

1.Nf3 d5 2.c4 c6 3.e3 e6 4.d4 Nd7 5.Bd3 Ngf6 6.O-O Bd6 7.Nc3 O-O 8.e4 dxc4
9.Bxc4 e5 10.Bb3 exd4 11.Nxd4 Nc5 12.Bc2 Re8 13.Re1 Be5 14.Be3 Ng4 15.Nf3 Qxd1
16.Raxd1 Nxe3 17.Rxe3 Bf4 18.Ree1 Bg4 19.h3 Bxf3 20.gxf3 Rad8 21.Ne2 Be5
22.b4 Na6 23.a3 Bb2 24.Rd3 Rxd3 25.Bxd3 b5 26.Ng3 Rd8 27.Bf1 Nb8 28.Re3 g6
29.Ne2 Rd2 30.f4 Nd7 31.e5 Nb6 32.e6 fxe6 33.Rxe6 Bxa3 34.Rxc6 Bxb4 35.Ng3 Rd5
36.Ne4 Be7 37.Kg2 Rd4 38.Kf3 b4 39.Rc7 Rd7 40.Rxd7 Nxd7 41.Nd2 Kg7 42.Ke4 a5
43.Kd5 Bh4 44.Kc6 Nf6 45.Kb5 Bxf2 46.Nb3 Nd5 47.Nxa5 Nxf4 48.Kxb4 Be1+  0-1

[Event "North Bay op"]
[Site "North Bay"]
[Date "1996.??.??"]
[Round "?"]
[White "Chow, Albert"]
[Black "Gonzales, Jorge A"]
[Result "1-0"]
[WhiteElo "2285"]
[BlackElo "2350"]

1.Nf3 d5 2.c4 e6 3.d4 c6 4.Qc2 Nd7 5.g3 Ngf6 6.Bg2 Be7 7.O-O O-O 8.b3 b6
9.Bb2 Bb7 10.Nc3 c5 11.cxd5 exd5 12.Rfd1 Rc8 13.Rac1 Qc7 14.e3 Rfe8 15.Qb1 Qb8
16.Ne5 cxd4 17.Nxd7 Nxd7 18.Rxd4 Bf6 19.Rdd1 d4 20.exd4 Bxg2 21.Kxg2 Qb7+
22.Kg1 Qf3 23.Rd3 Qf5 24.Rd2 Qg4 25.Rcd1 h5 26.Qd3 Rcd8 27.f3 Qh3 28.Qf1 Qf5
29.Qd3 Qa5 30.Qb5 Qxb5 31.Nxb5 Bg5 32.f4 Bf6 33.Kf2 Re7 34.Nxa7 Ra8 35.Nc6 Re6
36.d5 Rd6 37.Be5 Bxe5 38.fxe5 Rh6 39.Re1 Re8 40.Rde2 Kf8 41.Kg2 h4 42.g4  1-0

[Event "RUS-Cup3"]
[Site "Omsk"]
[Date "1996.??.??"]
[Round "8"]
[White "Makarov, Marat"]
[Black "Egin, Vladimir"]
[Result "1-0"]
[WhiteElo "2560"]
[BlackElo "2445"]

1.Nf3 d5 2.c4 e6 3.g3 Nf6 4.Bg2 c5 5.b3 d4 6.e3 Nc6 7.exd4 cxd4 8.O-O Bd6
9.d3 h6 10.a3 a5 11.Nbd2 O-O 12.Nh4 e5 13.Ne4 Be7 14.Nxf6+ Bxf6 15.Qh5 Bxh4
16.gxh4 Qd7 17.f4 Qg4 18.Qxg4 Bxg4 19.Be4 f5 20.Bd5+ Kh7 21.Re1 Rae8 22.Bd2 exf4
23.Bxf4 Be2 24.Bd6 Rf6 25.Ra2 Rxd6 26.Raxe2 Rxe2 27.Rxe2 Kg6 28.Kg2 Kf6 29.Re8 Ne5
30.Rf8+ Kg6 31.h5+ Kg5 32.Kg3 g6 33.h4+ Kxh5 34.Re8 Ng4 35.Bf3 g5 36.hxg5 Kxg5
37.Rg8+ Kf6 38.Kf4 Ne5 39.Rf8+ Nf7 40.Bh5 Rd7 41.Rxf7+ Rxf7 42.Bxf7 Kxf7
43.Kxf5 h5 44.b4 axb4 45.axb4 Ke7 46.Kg5 Ke6 47.Kxh5 Kf5 48.b5 Kf4 49.Kh4 b6
50.c5 bxc5 51.b6 Ke3 52.b7 Kxd3 53.b8=Q c4 54.Qb5 Kc3 55.Kg3  1-0

[Event "RUS-chT"]
[Site "Orel"]
[Date "1996.??.??"]
[Round "?"]
[White "Mochalov, Evgeny V"]
[Black "Gleizerov, Evgeny"]
[Result "1/2-1/2"]
[WhiteElo "2515"]
[BlackElo "2540"]

1.Nf3 d5 2.c4 d4 3.g3 g6 4.b4 Bg7 5.Bb2 e5 6.d3 Ne7 7.Bg2 O-O 8.O-O a5 9.b5 c5
10.bxc6 Nexc6 11.Na3 Na6  1/2-1/2

[Event "ESP-chTA"]
[Site "Oropesa del Mar"]
[Date "1996.??.??"]
[Round "2"]
[White "Todorcevic, Miodrag"]
[Black "Corral Blanco, Juan A"]
[Result "1-0"]
[WhiteElo "2460"]
[BlackElo "2425"]

1.Nf3 d5 2.c4 c6 3.g3 Nf6 4.Bg2 Bf5 5.cxd5 cxd5 6.O-O Nc6 7.d3 e6 8.a3 Be7
9.b4 a6 10.Nbd2 O-O 11.Nb3 Nd7 12.Bb2 Bg4 13.Rc1 Bxf3 14.Bxf3 Bf6 15.Bxf6 Nxf6
16.Nc5 Qe7 17.e3 Rfc8 18.Na4 Qd8 19.Be2 Na7 20.Nc5 Qe7 21.d4 Rc7 22.Bd3 Nc8
23.a4 Nd6 24.a5 g6 25.Rc2 h5 26.h4 Kg7 27.Qf3 Rc6 28.Qf4 Rac8 29.Rfc1 Nde4
30.Qe5 Nxc5 31.bxc5 Kg8 32.Rb1 R6c7 33.Rcb2 Rd8 34.Qg5 Kg7 35.Rb6 Rdd7 36.Qe5 Qd8
37.Bc2 Qe7 38.Ba4 Rd8 39.Rd6 Kh7 40.Bc2 Rcd7 41.Rbb6 Kg7 42.Ba4 Rc7 43.Kg2 Rdc8
44.f3 Rf8 45.Bc2 Kh7 46.Qg5 Rg8 47.Bd3 Rg7 48.Rb2 Rg8 49.Rdb6 Rd8 50.g4 Kg8
51.gxh5 Kh8 52.hxg6 fxg6 53.Qe5 Re8 54.Bxg6 Qg7 55.h5 Rce7 56.Rxb7  1-0

[Event "ESP-chTA"]
[Site "Oropesa del Mar"]
[Date "1996.??.??"]
[Round "7"]
[White "Lezcano Jaen, Pedro"]
[Black "Ayas, Antonio"]
[Result "1-0"]
[WhiteElo "2320"]
[BlackElo "2270"]

1.Nf3 d5 2.c4 c6 3.g3 Nf6 4.Bg2 g6 5.O-O Bg7 6.cxd5 cxd5 7.Qa4+ Nbd7 8.d3 O-O
9.Qh4 Re8 10.Bh6 Bh8 11.Nc3 Nf8 12.Rac1 Ne6 13.Ng5 a6 14.Rfd1 Nxg5 15.Bxg5 Be6
16.Qb4 Qd7 17.Na4 Qb5 18.Qa3 Rac8 19.b3 Rxc1 20.Rxc1 Qa5 21.b4 Qd8 22.Nc5 Bc8
23.Qa4 Nd7 24.Qb3 Nxc5 25.bxc5 Qc7 26.Bxd5 e6 27.Bg2 Bg7 28.Qb6 Qe5 29.Be3 h5
30.h4 Bf8 31.d4 Qf5 32.Bxb7 Bxb7 33.Qxb7 Qg4 34.Qxa6 e5 35.d5 Qe4 36.Qc4 Qf5
37.d6 e4 38.Rd1  1-0

[Event "Komercni Banka op"]
[Site "Pardubice"]
[Date "1996.??.??"]
[Round "2"]
[White "Drogoon, A."]
[Black "Moroz, Alexander"]
[Result "0-1"]
[WhiteElo "2385"]
[BlackElo "2500"]

1.Nf3 d5 2.c4 e6 3.d4 c6 4.Nc3 dxc4 5.a4 Bb4 6.Bd2 a5 7.Qb1 Bd7 8.e4 b5 9.axb5 cxb5
10.b3 Bxc3 11.Bxc3 cxb3 12.Qxb3 Nf6 13.Nd2 Qb6 14.Bd3 O-O 15.Rxa5 Rxa5 16.Nc4 bxc4
17.Qxb6 Rb5 18.Qd6 cxd3 19.Bb4 Rc8 20.f3 Na6 21.e5 Rxb4 22.exf6 Rb1+ 23.Kd2 Rxh1
24.Qg3 g6 25.Qg5 Nb4 26.Qh6 Rc2+ 27.Ke3 Re2+ 28.Kf4 Nd5+  0-1

[Event "Komercni Banka op"]
[Site "Pardubice"]
[Date "1996.??.??"]
[Round "3"]
[White "Freisler, Pavel"]
[Black "Mikhalevski, Alexander"]
[Result "0-1"]
[WhiteElo "2350"]
[BlackElo "2460"]

1.Nf3 d5 2.c4 e6 3.g3 dxc4 4.Qa4+ Nd7 5.Qxc4 a6 6.Bg2 b5 7.Qc2 Bb7 8.O-O Ngf6
9.d4 c5 10.a4 Be7 11.Bg5 Rc8 12.axb5 axb5 13.Qb3 Qb6 14.Na3 Bc6 15.Ne5 Nxe5
16.dxe5 Nd5 17.Bxe7 Kxe7 18.Bxd5 exd5 19.Qe3 Rhe8 20.b4 d4 21.Qg5+ Kf8 22.e6 Rxe6
23.bxc5 Qd8 24.Qd2 Qd5 25.f3 Rce8 26.Rf2 Qxc5 27.Nc2 Qc3 28.e4 Rd8 29.Qg5 Rf6
30.Rc1 d3 31.Ne1 d2  0-1

[Event "Komercni Banka op"]
[Site "Pardubice"]
[Date "1996.??.??"]
[Round "3"]
[White "Fridman, Daniel"]
[Black "Serdt, Simon"]
[Result "1-0"]
[WhiteElo "2500"]
[BlackElo "2275"]

1.Nf3 d5 2.c4 c6 3.d4 Nf6 4.Nbd2 e6 5.g3 Be7 6.Bg2 O-O 7.O-O b6 8.Qc2 Bb7
9.e4 dxe4 10.Nxe4 Nxe4 11.Qxe4 Nd7 12.Rd1 Nf6 13.Qc2 Qc8 14.b3 c5 15.Bb2 Rd8
16.Qe2 cxd4 17.Bxd4 Nd7 18.Qb2 Bf6 19.Rd2 Bxd4 20.Rxd4 Nf6 21.Rad1 Qc7 22.Ne5 Bxg2
23.Kxg2 Rxd4 24.Qxd4 h6 25.g4 Rc8 26.f3 Qe7 27.h4 Ne8 28.Qe4 Nd6 29.Qd3 Ne8
30.Qe4 Nd6 31.Qf4 g5 32.hxg5 hxg5 33.Qd4 Ne8 34.Qe3 Rc7 35.Rh1 Qf6 36.Rh5 Ng7
37.Rxg5 Qd8 38.Nd3 Rd7 39.Nf2 Rd2 40.a4 a6 41.c5 f6 42.Rg6 bxc5 43.Qxe6+ Kh7
44.Qe4 Rd4 45.Qb1 Kg8 46.Qh1 Rd2 47.Qh6  1-0

[Event "Komercni Banka op"]
[Site "Pardubice"]
[Date "1996.??.??"]
[Round "7"]
[White "Gisbrecht, Ewgeni"]
[Black "Mikhalevski, Alexander"]
[Result "1-0"]
[WhiteElo "2370"]
[BlackElo "2460"]

1.Nf3 d5 2.c4 e6 3.b3 Nf6 4.g3 Be7 5.Bg2 O-O 6.O-O b6 7.Bb2 Bb7 8.Ne5 Nbd7
9.d4 Ne4 10.Nxd7 Qxd7 11.Nd2 a5 12.Rc1 Bb4 13.Nxe4 dxe4 14.Qc2 a4 15.Bxe4 Bxe4
16.Qxe4 axb3 17.axb3 Ra2 18.Rb1 f5 19.Qd3 c6 20.Rfd1 f4 21.Qe4 fxg3 22.hxg3 h6
23.Rd3 Qe8 24.Re3 Kh8 25.Qxe6 Qa8 26.Qg6 Qb7 27.Re6 Qd7 28.d5 cxd5 29.Qxh6+ Kg8
30.Bxg7  1-0

[Event "Komercni Banka op"]
[Site "Pardubice"]
[Date "1996.??.??"]
[Round "9"]
[White "Freisler, Pavel"]
[Black "Berezin, Oleg"]
[Result "1-0"]
[WhiteElo "2350"]
[BlackElo "2455"]

1.Nf3 d5 2.c4 c6 3.g3 Nf6 4.Bg2 g6 5.cxd5 cxd5 6.d4 Bg7 7.Nc3 Ne4 8.Nxe4 dxe4
9.Ne5 Nd7 10.O-O Nxe5 11.dxe5 Bf5 12.Qb3 O-O 13.Qxb7 Qd4 14.Qxe7 Bxe5 15.Be3 Qxb2
16.Rab1 Rfe8 17.Qxe8+ Rxe8 18.Rxb2 Bxb2 19.Rb1 Be5 20.Bxa7 Ra8 21.Rb7 Rc8
22.f4 exf3 23.Bxf3 Rc2 24.a3 Bd6 25.a4 Ra2 26.Bd5 Ra1+ 27.Kf2 Be6 28.Bc6 Ra2
29.Bd4 h5 30.Ra7 Kh7 31.Ra8 g5 32.Be4+ f5 33.Bb1 Rd2 34.Ke3 Rd1 35.Bc2 Rc1
36.Kd2 Rf1 37.Ra6 Bb4+ 38.Bc3 Bxc3+ 39.Kxc3 Bf7 40.Rf6 Bg6 41.a5 Kg7 42.Rb6 Bf7
43.a6 f4 44.gxf4 gxf4 45.Rb1 Rf2 46.Be4 Rxe2 47.a7 Re3+ 48.Kd4  1-0

[Event "St Petersburg-Paris"]
[Site "Paris"]
[Date "1996.??.??"]
[Round "4"]
[White "Taimanov, Mark E"]
[Black "Wagner, Claude"]
[Result "1/2-1/2"]
[WhiteElo "2480"]
[BlackElo "2420"]

1.Nf3 d5 2.c4 c6 3.e3 Nf6 4.Nc3 e6 5.b3 Nbd7 6.Bb2 Bd6 7.Be2 O-O 8.O-O Re8
9.Rc1 Qe7 10.Qc2 a6 11.e4 dxc4 12.bxc4 c5 13.Rb1 Qd8 14.Na4 Qc7 15.Qc3 e5
16.Qc2 Nf8 17.Nc3 Ne6 18.Nd5 Nxd5 19.cxd5 Nf4 20.d3 Bg4 21.Bc1 b5 22.Bxf4 exf4
23.Rfc1 Qe7 24.h3 Bd7 25.Bf1 Rac8 26.Re1 f6 27.Qd2 Be5 28.Rbc1 Qd6 29.d4 cxd4
30.Nxd4 Qb6 31.Nf3 Bd6 32.Bd3 Rxc1 33.Rxc1 a5 34.Bb1 b4 35.Nd4 Be5 36.Nc6 Bc3
37.Qxf4 Bxc6 38.dxc6 Qxc6 39.Rd1 Be5 40.Qd2 g6 41.Qc2  1/2-1/2

[Event "Pinneberg op"]
[Site "Pinneberg"]
[Date "1996.??.??"]
[Round "4"]
[White "Rabeler, Gert"]
[Black "Limbach, Torsten"]
[Result "1/2-1/2"]
[WhiteElo "2335"]
[BlackElo "2140"]

1.Nf3 d5 2.c4 e6 3.b3 Nf6 4.Bb2 Be7 5.g3 O-O 6.Bg2 c5 7.O-O Nc6 8.e3 b6 9.d3 Bb7
10.Qe2 dxc4 11.bxc4 Qc7 12.Nc3 a6 13.Rfd1 Rfd8 14.Rab1 Rab8 15.Na4 Ba8 16.Bc3 b5
17.Bxf6 gxf6 18.cxb5 axb5 19.Nc3 b4 20.Ne4 Ne5 21.Nxe5 Qxe5 22.f4 Qf5 23.Rbc1 Rbc8
24.Rf1 Qg6 25.Nf2 Bxg2 26.Kxg2 f5 27.Rg1 Kh8 28.Kh1 h5 29.Rg2 Rg8 30.Qf3 Bf6
31.h3 Qh7 32.Kh2 Bc3 33.e4 Bd4 34.exf5 exf5 35.h4 Rce8 36.Qd5 Qg6 37.Nh1 Re3
38.Rxc5 Bxc5 39.Qxc5 Rxd3 40.Qxb4 Kh7 41.Qb2 Rgd8 42.a4 Qd6 43.Rc2 Rd2+ 44.Nf2 Rxc2
45.Qxc2 Kg6 46.a5 Qd2 47.Qc5 Rd5 48.Qb6+ Rd6 49.Qc5 Rd5  1/2-1/2

[Event "JUG-ch Podgorica"]
[Site "Podgorica"]
[Date "1996.??.??"]
[Round "10"]
[White "Arsovic, Zoran"]
[Black "Karaklajic, Nikola"]
[Result "1-0"]
[WhiteElo "2460"]
[BlackElo "2400"]

1.Nf3 d5 2.c4 c6 3.e3 Nf6 4.d4 e6 5.Bd3 a6 6.Nbd2 dxc4 7.Nxc4 c5 8.O-O Nc6
9.Nfe5 Bd7 10.dxc5 Bxc5 11.b3 b5 12.Nxc6 Bxc6 13.Ne5 Bb7 14.Bb2 O-O 15.Rc1 Rc8
16.Qe2 Qe7 17.a4 Bd5 18.axb5 axb5 19.Bxb5 Ba3 20.Bc4 Bxb2 21.Qxb2 Qb7 22.Bxd5 Nxd5
23.Rxc8 Rxc8 24.Rc1 Rb8 25.h3 h5 26.Rc4 Ne7 27.b4 Nf5 28.Qd2 Qd5 29.Qxd5 exd5
30.Rf4 g6 31.g4 hxg4 32.hxg4 Nd6 33.Rd4 Rb5 34.Nd3 Ne8 35.Nc5 Nc7 36.f4 Ne6
37.Nxe6 fxe6 38.g5 Kf7 39.e4 dxe4 40.Rxe4 Ke7 41.Kf2 Kd6 42.Ke3 Rf5 43.Re5 Rf8
44.Re4 Kd5 45.Kd3 Rf7 46.Rd4+ Kc6 47.Kc4 Rf5 48.Re4 Kd6 49.b5 Rf8 50.Rd4+ Kc7
51.Kd3 Rf5 52.Kc4 e5 53.fxe5 Rxe5 54.Rd5 Re1 55.Rc5+ Kb7 56.Rc6 Rc1+ 57.Kd5 Rb1
58.Kc5 Rc1+ 59.Kd6 Rb1 60.Rc5 Kb6 61.Re5 Rf1 62.Ke7 Ka5 63.Kd6 Kb6 64.Re6 Rf5
65.Rxg6 Rxb5 66.Rg8 Kb7 67.g6 Rb1 68.Ke7 Rg1 69.Kf7 Kc7 70.Re8 Kd7 71.Re4  1-0

[Event "POL-chTJ"]
[Site "Poland"]
[Date "1996.??.??"]
[Round "?"]
[White "Lobejko, Rafal"]
[Black "Zeberski, Jakub"]
[Result "1-0"]
[WhiteElo "2215"]
[BlackElo "2110"]

1.Nf3 d5 2.c4 e6 3.g3 Nf6 4.Bg2 Bd6 5.O-O O-O 6.b3 Nbd7 7.Bb2 c6 8.d3 Qe7
9.Nbd2 Rd8 10.Qc2 e5 11.Nh4 Nf8 12.e4 dxe4 13.dxe4 Bb4 14.Ndf3 Bd6 15.Rfd1 g6
16.c5 Bc7 17.Rxd8 Qxd8 18.Nxe5 Qe7 19.Nc4 Be6 20.Nd6 b6 21.e5 Nd5 22.cxb6 Bxb6
23.Qxc6  1-0

[Event "POL-chTJ"]
[Site "Poland"]
[Date "1996.??.??"]
[Round "?"]
[White "Kopacz, Jaroslaw"]
[Black "Lewandowski, Rafal"]
[Result "1/2-1/2"]
[WhiteElo "2215"]
[BlackElo "2135"]

1.Nf3 d5 2.c4 e6 3.g3 c5 4.Bg2 Nf6 5.O-O Be7 6.d3 O-O 7.e3 Nc6 8.b3 Qc7 9.Bb2 Rb8
10.Nc3 a6 11.cxd5 exd5 12.d4 Rd8 13.dxc5 Bxc5 14.Na4 Be7 15.Rc1 Qd6 16.Nd4 Nxd4
17.Qxd4 b6 18.Rfd1 Be6 19.Qd3 b5 20.Nc5 Nd7 21.Bd4 Nxc5 22.Bxc5 Qd7 23.Bxe7 Qxe7
24.Rc6 Qa3 25.Qd2 h6 26.Rdc1 Rb7 27.R1c2 Rbd7 28.Qd4 Rd6 29.R6c3 Qa5 30.b4 Qb6
31.Rd2 Qxd4 32.exd4 Kf8 33.Kf1 Ke7 34.Rc7+ R8d7 35.Rc5 Rb6 36.Ke2 Rbd6 37.Rd3 Rb6
38.Kd2 Kd6 39.Bf3 Ke7 40.Re3 Rbd6 41.Rec3 Ra7 42.Bd1 Rb7 43.Bb3 Kd8 44.Rc6 Ke7
45.Rc7+ Rxc7 46.Rxc7+ Rd7 47.Rc5 Kd6 48.a4 Rb7 49.Kc3 Rb8 50.Bd1 Rd8 51.Be2 Bd7
52.axb5 axb5 53.Kd2 Rb8 54.Bd3 Bc6 55.Bc2 Re8 56.Rc3 Ra8 57.Bb3 Ra1 58.Rc1 Rxc1
59.Kxc1 Ke6 60.Bc2 Kf6 61.Kd2 Kg5 62.f3 f5 63.Ke3 Kf6  1/2-1/2

[Event "Portoroz"]
[Site "Portoroz"]
[Date "1996.??.??"]
[Round "?"]
[White "Kozul, Zdenko"]
[Black "Tukmakov, Vladimir B"]
[Result "1/2-1/2"]
[WhiteElo "2580"]
[BlackElo "2595"]

1.Nf3 d5 2.c4 c6 3.e3 Nf6 4.Nc3 e6 5.b3 Bd6 6.Bb2 O-O 7.Qc2 Qe7 8.h3 Nbd7
9.g4 b6 10.g5 Ne8 11.Rg1 Nc7 12.cxd5 cxd5 13.Bd3 g6 14.Nb5 Nxb5 15.Bxb5 e5
16.Qc6 Rb8 17.Qxd5 Bb7 18.Bc6 Bxc6 19.Qxc6 Nc5 20.Qd5 Rfd8 21.Kf1 Bc7 22.Qc6 Nd3
23.Bc3 b5 24.Qe4 Qd7 25.b4 Rbc8 26.Rg4 Bb8 27.Ne1 Nxe1 28.Kxe1 Rc4 29.Qf3 Rdc8
30.Rxc4 Rxc4 31.Ke2 Rc6 32.Rc1 Qe6 33.a3 h5 34.Qe4 Qc8 35.Rg1 Rc4 36.Qd5 a6
37.Rg3 e4 38.Rg1 Qe8 39.a4 Bc7 40.axb5 Qxb5 41.Qxb5 axb5 42.Ra1 Kf8 43.Ra7 Bd6
44.Rb7 Bxb4 45.Bf6 Ke8 46.Rxb5 Kd7 47.Rb7+ Ke6 48.f3 exf3+ 49.Kxf3 Bxd2 50.Re7+ Kd6
51.Rxf7 Rh4 52.Ke2 Bc1 53.Bd4 Rxh3 54.Rf6+ Kd5 55.Rxg6 Ke4 56.Re6+ Kf5 57.Ra6 Rh2+
58.Kf3 Bb2 59.Bb6 Rh3+ 60.Kg2 Rh4 61.Bd8 Be5 62.Bf6 Bxf6 63.gxf6 Kg6 64.Kg3 Rg4+
65.Kf3 Rg1 66.Kf2 Rg4 67.Kf3  1/2-1/2

[Event "Pula op"]
[Site "Pula"]
[Date "1996.??.??"]
[Round "?"]
[White "Kozul, Zdenko"]
[Black "Pavasovic, Dusko"]
[Result "1-0"]
[WhiteElo "2580"]
[BlackElo "2425"]

1.Nf3 d5 2.c4 c6 3.e3 Nf6 4.Nc3 e6 5.Qc2 Bd6 6.b3 Nbd7 7.Bb2 Qe7 8.h3 dxc4
9.bxc4 e5 10.g4 Nc5 11.g5 Nh5 12.Ne4 Nxe4 13.Qxe4 f5 14.Qh4 g6 15.Be2 f4
16.e4 O-O 17.c5 Bxc5 18.Nxe5 Bd6 19.Bc4+ Be6 20.Ng4 Kf7 21.Be2 Ke8 22.Nf6+ Nxf6
23.gxf6 Qc7 24.Qg5 Qb6 25.Bc3 f3 26.Bxf3 Bc5 27.O-O Bd4 28.Bg4 Rxf6 29.Rab1 Qd8
30.e5  1-0

[Event "CRO-Cup"]
[Site "Pula"]
[Date "1996.??.??"]
[Round "?"]
[White "Nikolac, Juraj"]
[Black "Kovacevic, Vlatko"]
[Result "1-0"]
[WhiteElo "2465"]
[BlackElo "2445"]

1.Nf3 d5 2.c4 e6 3.b3 a5 4.e3 Nf6 5.Be2 Nbd7 6.O-O c6 7.Bb2 Be7 8.d3 O-O
9.Qc2 b6 10.e4 Bb7 11.e5 Nh5 12.cxd5 cxd5 13.d4 Nf4 14.Bb5 Ba6 15.Bxa6 Rxa6
16.g3 Ng6 17.Nc3 Ra8 18.Nb5 Rc8 19.Qe2 Nb8 20.Na7 Rc7 21.Nb5 Rc6 22.h4 Qd7
23.h5 Nh8 24.Rfc1 f6 25.exf6 gxf6 26.Rxc6 Nxc6 27.Re1 Nd8 28.Rc1 Nc6 29.Nc7 Nd8
30.Nh4 Nhf7 31.Rc2 f5 32.Nf3 a4 33.Bc1 axb3 34.axb3 Bd6 35.Qb5 Qxb5 36.Nxb5 Re8
37.Rc8 Kg7 38.Kg2 Rg8 39.Kf1 h6 40.Ke2 Nb7 41.Rc6 Na5 42.Rxb6 Rb8 43.Rxd6 Nxd6
44.Nxd6 Rxb3 45.Ne5 Rb1 46.Be3 Rh1 47.Ng6 Nc6 48.Nf4 Kf6 49.Ne8+ Ke7 50.Nc7 Nd8
51.Na6 Kd6 52.Nc5 e5 53.dxe5+ Kxe5 54.Nd7+ Kd6 55.Nf6 Nf7 56.N6xd5 Ra1 57.Nc3 Ke5
58.Kd3 Ra8 59.Nb5 Kf6 60.Nd5+ Kg7 61.Bd4+ Kf8 62.Nbc7 Ra5 63.Bc5+ Kg8 64.Ne7+ Kh7
65.Ne6 f4 66.gxf4 Nd8 67.Bb4 Rb5 68.Nxd8 Rxb4 69.Nd5 Ra4 70.Nf7 Kg7 71.Nd6 Ra3+
72.Ke4 Rh3 73.Nf5+ Kf8 74.Ng3 Rh2 75.Kf3 Kg7 76.Ne3 Kh7 77.Ng4 Rh4 78.f5 Kg7
79.Kf4 Kf7 80.f3 Rh3 81.Nxh6+ Kg7 82.Ng4 Kf7 83.h6 Kg8 84.Ne4 Rh1 85.f6 Ra1
86.Ne5 Kh7 87.f7 Ra8 88.Nf6+ Kxh6 89.Ne8  1-0

[Event "CRO-ch"]
[Site "Pula"]
[Date "1996.??.??"]
[Round "?"]
[White "Sale, Srdjan"]
[Black "Kutuzovic, Branko"]
[Result "0-1"]
[WhiteElo "2440"]
[BlackElo "2405"]

1.Nf3 d5 2.c4 dxc4 3.Qa4+ Nc6 4.Ne5 Bd7 5.Nxd7 Qxd7 6.Qxc4 e5 7.e3 O-O-O
8.a3 f5 9.d3 e4 10.d4 f4 11.Nc3 Nf6 12.Qa4 Kb8 13.Bd2 fxe3 14.fxe3 Qg4 15.Rc1 Bd6
16.Nb5 Bxh2 17.Ba5 Bg3+ 18.Kd2 Nd5 19.Rxc6 bxc6 20.Nc3 Rd6 21.Bb4 Nxb4 22.Qxb4+ Ka8
23.Na4 Bf2 24.Nc5 Rb8 25.Qc3 Qg3 26.Nxe4 Be1+ 27.Kd3 Bxc3 28.Nxg3 Bxb2 29.Rxh7 Rg6
30.Nf5 Bxa3 31.g3 Bd6 32.Bg2 Kb7 33.Nxg7 Rxg3 34.Be4 Rg5 35.Nf5 Kb6 36.Rh1 a5
37.Rc1 c5 38.Nh4 cxd4 39.Nf3 Rc5 40.Rb1+ Rb5 41.Rc1 dxe3  0-1

[Event "Pula op"]
[Site "Pula"]
[Date "1996.??.??"]
[Round "?"]
[White "Dizdar, Goran"]
[Black "Pavasovic, Dusko"]
[Result "1-0"]
[WhiteElo "2525"]
[BlackElo "2425"]

1.Nf3 d5 2.c4 c6 3.d4 e6 4.Nc3 Nf6 5.Bg5 dxc4 6.e4 b5 7.a4 Bb7 8.axb5 cxb5
9.Nxb5 Bb4+ 10.Nc3 Bxe4 11.Qa4+ Nc6 12.Ne5 Qb6 13.Nxc4 Qxd4 14.Rd1 Bxc3+
15.bxc3 Qxc3+ 16.Bd2 Qc2 17.Qa3 Rb8 18.Nd6+ Kd7 19.Nb5 Rxb5 20.Bxb5 Bxg2
21.Bf4+ Ke8 22.Qd6 Bd5 23.Rxd5 Qe4+ 24.Be3 Qxh1+ 25.Ke2 Qxd5 26.Bxc6+ Nd7
27.Bxd5 exd5 28.Qxd5  1-0

[Event "Regensburg op"]
[Site "Regensburg"]
[Date "1996.??.??"]
[Round "7"]
[White "Schlosser, Philipp"]
[Black "Lau, Ralf"]
[Result "1/2-1/2"]
[WhiteElo "2540"]
[BlackElo "2495"]

1.Nf3 d5 2.c4 e6 3.g3 c6 4.Qc2 Nf6 5.Bg2 Nbd7 6.d4 Bd6 7.O-O O-O 8.Bg5 h6
9.Bxf6 Nxf6 10.Nbd2 Re8 11.e4 Nxe4 12.Nxe4 dxe4 13.Qxe4 c5 14.dxc5 Bxc5 15.Ne5 a5
16.Rad1  1/2-1/2

[Event "Reykjavik op"]
[Site "Reykjavik"]
[Date "1996.??.??"]
[Round "2"]
[White "Kjeld, Matthias"]
[Black "Halldorsson, Bragi"]
[Result "0-1"]
[WhiteElo "2155"]
[BlackElo "2265"]

1.Nf3 d5 2.c4 c6 3.d4 Nf6 4.Nc3 dxc4 5.a4 Bf5 6.e3 e6 7.Bxc4 Bb4 8.O-O Nbd7
9.Nd2 Qc7 10.Qe2 O-O 11.e4 Bg6 12.e5 Nd5 13.Nde4 h6 14.Bd2 Be7 15.Rac1 N7b6
16.Bb3 Rad8 17.Nb5 Qb8 18.Nbc3 Nc7 19.a5 Nbd5 20.f4 Qc8 21.Qf3 f5 22.exf6 Nxf6
23.f5 Nfd5 24.Qg3 Bxf5 25.Bxh6 Rf7 26.Rce1 Qd7 27.Kh1 Rdf8 28.Rf3 Nxc3 29.bxc3 Nd5
30.h3 Bxe4 31.Rxe4 Bd6 32.Qg6 Rxf3 33.gxf3 Rf6 34.Qg4 Rxh6 35.Re2 Qf7 36.Rh2 Qh5
37.Qg1  0-1

[Event "Reykjavik op"]
[Site "Reykjavik"]
[Date "1996.??.??"]
[Round "4"]
[White "Kjeld, Matthias"]
[Black "Gunnarsson, A."]
[Result "0-1"]
[WhiteElo "2155"]
[BlackElo "2130"]

1.Nf3 d5 2.c4 c5 3.e3 Nf6 4.d4 e6 5.Nc3 Nc6 6.cxd5 Nxd5 7.e4 Ndb4 8.a3 cxd4
9.Nb5 Na6 10.Nbxd4 Nc5 11.Bb5 Bd7 12.O-O Nxd4 13.Bxd7+ Qxd7 14.Nxd4 Nxe4
15.Be3 Nf6 16.Qb3 Be7 17.Rfd1 O-O 18.Nb5 Nd5 19.Nxa7 Bg5 20.Bxg5 Rxa7 21.h3 Rc8
22.Rd4 b5 23.Rad1 h6 24.Bd2 Rac7 25.Qg3 Kh7 26.Bc3 f5 27.Qe5 Qf7 28.R1d3 Rc5
29.Bd2 Nb4 30.Qe2 Nxd3 31.Qxd3 R8c7 32.Bc3 Rb7 33.Qg3 Rd5 34.Rh4 Qc7 35.Qe3 Rd1+
36.Be1 Qc1 37.Kf1 Rbd7 38.Qe5 Rxe1+ 39.Qxe1 Rd1  0-1

[Event "Rosario"]
[Site "Rosario"]
[Date "1996.??.??"]
[Round "3"]
[White "Perez Cascella, Julio"]
[Black "Garcia Palermo, Carlos"]
[Result "0-1"]
[WhiteElo "2230"]
[BlackElo "2490"]

1.Nf3 d5 2.c4 dxc4 3.Qa4+ c6 4.Qxc4 Nf6 5.e4 Nbd7 6.Nc3 Nb6 7.Qb3 Bg4 8.Ng5 e6
9.f3 Bh5 10.Nh3 e5 11.d3 Bc5 12.Be2 Nfd7 13.Nf2 Bd4 14.O-O Nc5 15.Qc2 a5
16.Kh1 O-O 17.g4 Bg6 18.Kg2 Ne6 19.Nh3 Nd7 20.f4 exf4 21.Nxf4 Ndc5 22.Bd2 Be5
23.Be3 Bxf4 24.Bxf4 Nd4 25.Qd2 Nxe2 26.Qxe2 Qxd3 27.Qxd3 Nxd3 28.Kf3 b5 29.b3 Rfe8
30.a3 Rac8 31.b4 axb4 32.axb4 Nxb4 33.Bd6 Nc2 34.Rac1 Nd4+ 35.Ke3 Nb3 36.Rcd1 Na5
37.Kf4 Nc4 38.Bc5 Re5 39.Bd4 Re6 40.Bc5 b4  0-1

[Event "Sas van Gent op U20"]
[Site "Sas van Gent"]
[Date "1996.??.??"]
[Round "2"]
[White "Berry, Neil"]
[Black "Moen, Andreas"]
[Result "0-1"]
[WhiteElo "2010"]
[BlackElo "2195"]

1.Nf3 d5 2.c4 dxc4 3.e3 Nf6 4.Bxc4 e6 5.d4 c5 6.O-O Nc6 7.Nc3 a6 8.Bb3 Be7
9.d5 exd5 10.Nxd5 Nxd5 11.Bxd5 Qc7 12.e4 O-O 13.Bd2 Bg4 14.h3 Bh5 15.Bc3 Rad8
16.g4 Bg6 17.Nd2 Bg5 18.h4 Bxh4 19.f4 Ne7 20.Be5 Qd7 21.Nc4 Nxd5 22.exd5 f6
23.Bc3 Qxd5 24.Qxd5+ Rxd5 25.Rf3 Be4 26.Rh3 g5 27.Nd2 Re8 28.Re3 Bg6 29.Rxe8+ Bxe8
30.Nf3 Bg3 31.fxg5 fxg5 32.Kg2 Bd6 33.Re1 Bc6 34.Kf2 Rd3 35.Nxg5 Bg3+ 36.Ke2 Bb5
37.Rg1 Rxc3+ 38.Kd2 Bh2 39.Rh1 Bf4+ 40.Kxc3 Bxg5 41.Rh5 h6 42.Rh2 Bd7 43.Rg2 b5
44.Rg3 Kf7 45.a4 Bf6+ 46.Kc2 b4 47.Kb3 Be6+ 48.Kc2 c4 49.Rh3 Kg6 50.Rh5 Bg5  0-1

[Event "DLM U20"]
[Site "Schoeneck"]
[Date "1996.??.??"]
[Round "6"]
[White "Schmidt, Jan Peter"]
[Black "Wilhelmi, Christian"]
[Result "1/2-1/2"]
[WhiteElo "2205"]
[BlackElo "2355"]

1.Nf3 d5 2.c4 c6 3.e3 Nf6 4.Nc3 a6 5.a4 e6 6.d4 a5 7.Be2 b6 8.O-O Ba6 9.b3 Bb4
10.Qc2 Qe7 11.Bb2 O-O 12.Ne5 Rc8 13.Bd3 Nbd7 14.f4 g6 15.e4 Nf8 16.f5 N6d7
17.fxg6 Nxe5 18.gxh7+ Nxh7 19.dxe5 dxc4 20.bxc4 Bc5+ 21.Kh1 Kh8 22.Qe2 Rg8
23.Qh5 Rg6 24.Rf6 Rg5 25.Qh3 Rag8 26.Rh6 R8g7 27.Nd5 cxd5 28.exd5 R5g6 29.Bxg6 fxg6
30.Qd3 Qe8 31.dxe6 Bc8 32.e7 Be6 33.Qd8 Rxe7 34.Qxe8+ Rxe8 35.Rxg6 Nf8 36.Rf6 Rd8
37.Raf1 Kg8 38.Bc1 Bxc4 39.Re1 Bb4 40.Rg1 Bc5 41.Re1 Bb4 42.Rg1 Bc5  1/2-1/2

[Event "Seefeld op"]
[Site "Seefeld"]
[Date "1996.??.??"]
[Round "?"]
[White "Baumann, Kurt"]
[Black "Martin, Stefan"]
[Result "0-1"]
[WhiteElo "1735"]
[BlackElo "2235"]

1.Nf3 d5 2.c4 e6 3.g3 Nf6 4.Bg2 dxc4 5.O-O c5 6.Na3 Nc6 7.Nxc4 Be7 8.d3 O-O
9.Bg5 h6 10.Bxf6 Bxf6 11.Nfd2 Bd7 12.Ne4 Be7 13.Rc1 Qc7 14.Qd2 Rac8 15.a3 b5
16.Ne3 Nd4 17.Qd1 Qb6 18.Nd2 Bc6 19.Nb3 Rc7 20.Nxd4 cxd4 21.Rxc6 Rxc6 22.Ng4 Rc7
23.Qb3 Qc5 24.e3 a6 25.f4 dxe3 26.d4 Qxd4 27.Rd1 e2+ 28.Rxd4 e1=Q+ 29.Bf1 Bc5  0-1